LIBRARY & INFORMATION CENTRE, KCAET, TAVANUR

ONLINE PUBLIC ACCESS CATALOGUE (OPAC)

American government / (Record no. 4117)

MARC details
000 -LEADER
fixed length control field 00386cam a2200157ua 4500
041 ## - LANGUAGE CODE
Language code of text/sound track or separate title eng
082 ## - DEWEY DECIMAL CLASSIFICATION NUMBER
Classification number 321.8042
Item number SAY/AM
100 ## - MAIN ENTRY--AUTHOR NAME
Personal name Sayre, Wallace S .
245 ## - TITLE STATEMENT
Title American government /
250 ## - EDITION STATEMENT
Edition statement 14 /
260 ## - PUBLICATION, DISTRIBUTION, ETC. (IMPRINT)
Place of publication New York :
Name of publisher Barnes & Noble ,
Year of publication 1960.
300 ## - PHYSICAL DESCRIPTION
Number of Pages 315 ; .
942 ## - ADDED ENTRY ELEMENTS (KOHA)
Koha item type Books
Holdings
Withdrawn status Lost status Damaged status Home library Current library Date acquired Full call number Accession Number Koha item type
Withdrawn     KAUAET KAUAET 07/04/2012 321.8042 601 Books
free website counter